[Event "Rochefort op 8th"]
[Site "Rochefort"]
[Date "2009.02.??"]
[Round "5"]
[White "Dzhumaev, Marat"]
[Black "Kasamanli, Ramil"]
[Result "1-0"]
[WhiteElo "2529"]
[BlackElo "1999"]
[PlyCount "61"]
[EventDate "2009.02.??"]
[EventType "swiss"]
[EventRounds "9"]
[EventCountry "FRA"]
[SourceTitle "EXT 2010"]
[Source "ChessBase"]
[SourceDate "2010.11.25"]
[SourceVersion "1"]
[SourceVersionDate "2010.11.25"]
[SourceQuality "1"]

1. e4 c5 2. Nf3 e6 3. d3 Nc6 4. g3 Nge7 5. Bg2 Ng6 6. 0-0 Be7 7. c3 d5 8. Qe2 dxe4 9. dxe4 e5 10. Nbd2 0-0 11. Nc4 b5 12. Rd1 Qc7 13. Ne3 Qb8 14. Nd5 Bd6 15. a4 b4 16. Be3 Nce7 17. Qb5 Nxd5 18. Rxd5 bxc3 19. bxc3 Ne7 20. Qxb8 Bxb8 21. Rdd1 f6 22. Bxc5 Kf7 23. Rab1 Re8 24. Bf1 h6 25. Bb5 Bc7 26. Nh4 Rg8 27. Bc4+ Be6 28. Rd7 Bd8 29. Rbb7 Re8 30. Bxe6+ Kxe6 31. Ng6 1-0